Top 500 Baby Boy Names in 2007 (United States) - Statistics

General Stats
  • This quiz has been taken 202 times
  • The average score is 218 of 500
Answer Stats
Hint Answer % Correct
19 John
96%
492 Jon
96%
38 Jack
92%
77 Jesus
91%
350 Chris
90%
452 Sam
90%
8 William
87%
72 Alex
86%
443 Marc
86%
138 Mark
86%
2 Michael
86%
435 Micheal
86%
26 Benjamin
85%
52 Thomas
85%
309 Danny
84%
11 Alexander
83%
62 Charles
83%
12 David
83%
35 Jose
83%
46 Luke
83%
15 James
82%
347 Mathew
82%
9 Matthew
82%
47 Robert
82%
25 Samuel
82%
213 Andre
81%
310 Brayan
81%
81 Brian
81%
78 Bryan
81%
408 Bryant
81%
6 Christopher
81%
470 Cristopher
81%
130 Eli
81%
148 George
81%
402 Joe
81%
13 Joseph
81%
420 Kristopher
81%
53 Lucas
81%
236 Lukas
81%
172 Stephen
81%
1 Jacob
80%
303 Jakob
80%
312 Luca
80%
20 Nicholas
80%
369 Nickolas
80%
144 Nicolas
80%
398 Nikolas
80%
147 Paul
80%
177 Peter
80%
97 Steven
80%
16 Ryan
79%
10 Andrew
78%
5 Daniel
78%
33 Jackson
78%
190 Jaxon
78%
311 Jaxson
78%
89 Liam
78%
51 Aaron
77%
4 Joshua
77%
181 Josue
77%
90 Henry
76%
238 Leo
76%
101 Richard
76%
76 Sean
76%
393 Shaun
76%
175 Shawn
76%
42 Zachary
76%
22 Christian
75%
139 Cristian
75%
59 Jason
75%
353 Jayson
75%
475 Kristian
75%
445 Carl
74%
117 Marcus
74%
237 Ty
74%
65 Adam
73%
334 Charlie
73%
351 Dean
73%
30 Elijah
73%
39 Kevin
73%
14 Noah
73%
338 Zackary
73%
481 Branden
72%
31 Brandon
72%
321 Donald
72%
24 Nathan
72%
140 Oliver
72%
7 Anthony
71%
488 Leon
71%
345 Louis
71%
60 Luis
71%
99 Timothy
71%
83 Eric
70%
166 Erick
70%
199 Erik
70%
262 Frank
70%
21 Tyler
70%
104 Victor
70%
145 Edward
69%
3 Ethan
69%
40 Evan
69%
116 Patrick
69%
112 Jake
68%
187 Johnathan
68%
23 Jonathan
68%
406 Jonathon
68%
75 Ian
67%
45 Justin
67%
141 Max
65%
359 Philip
65%
292 Phillip
65%
70 Carlos
64%
41 Isaac
64%
384 Issac
64%
86 Kyle
64%
287 Allen
63%
223 Gregory
63%
74 Jaden
63%
423 Jadon
63%
192 Jaiden
63%
396 Jay
63%
18 Jayden
63%
414 Jaydon
63%
122 Jeremy
63%
44 Jordan
63%
56 Owen
63%
293 Ronald
63%
50 Cameron
61%
390 Camron
61%
235 Dillon
61%
29 Dylan
61%
260 Kameron
61%
110 Vincent
61%
68 Xavier
61%
307 Adan
60%
265 Aden
60%
54 Aidan
60%
27 Aiden
60%
102 Ayden
60%
55 Connor
59%
499 Conor
59%
66 Julian
59%
258 Simon
59%
375 Arthur
58%
164 Leonardo
58%
37 Mason
58%
17 Logan
57%
121 Oscar
57%
129 Alan
56%
486 Billy
56%
156 Braden
56%
194 Bradley
56%
325 Braeden
56%
64 Brayden
56%
364 Braydon
56%
92 Caden
56%
284 Caiden
56%
176 Cayden
56%
159 Conner
56%
267 Derrick
56%
98 Kaden
56%
220 Kaiden
56%
186 Kayden
56%
489 Tommy
56%
88 Blake
55%
67 Jeremiah
55%
241 Johnny
55%
82 Nathaniel
55%
208 Martin
54%
462 Nathanael
54%
28 Gabriel
53%
249 Taylor
53%
370 Albert
52%
201 Raymond
52%
225 Harrison
52%
63 Juan
52%
132 Levi
52%
119 Colin
51%
185 Collin
51%
142 Derek
51%
215 Drew
51%
252 Kai
51%
73 Sebastian
51%
48 Austin
50%
36 Caleb
50%
80 Carter
50%
120 Cody
50%
137 Damian
50%
182 Damien
50%
58 Hunter
50%
484 Jeffery
50%
191 Jeffrey
50%
113 Kaleb
50%
135 Kenneth
50%
301 Theodore
50%
380 Walter
50%
124 Ashton
49%
84 Cole
49%
127 Ivan
49%
123 Joel
49%
392 Lawrence
49%
61 Adrian
48%
91 Carson
48%
251 Corey
48%
416 Cory
48%
357 Elliot
48%
189 Miles
48%
299 Myles
48%
214 Andy
47%
95 Antonio
47%
96 Cooper
47%
413 Eddie
47%
43 Isaiah
47%
446 Isiah
47%
440 Izaiah
47%
442 Noel
47%
274 Scott
47%
282 Xander
47%
313 Zander
47%
330 Dennis
46%
71 Hayden
46%
107 Jesse
46%
497 Jessie
46%
332 Jimmy
46%
331 Larry
46%
108 Parker
46%
205 Brendan
45%
318 Brenden
45%
388 Gary
45%
160 Jared
45%
209 Marco
45%
109 Riley
45%
188 Abraham
44%
103 Alejandro
44%
233 Asher
44%
459 Brodie
44%
106 Brody
44%
294 Cade
44%
383 Elliott
44%
165 Jonah
44%
432 Kade
44%
281 Mateo
44%
230 Pedro
44%
219 Roberto
44%
170 Travis
44%
387 Finn
43%
203 Landen
43%
49 Landon
43%
480 Landyn
43%
184 Shane
43%
79 Chase
42%
264 Quinn
42%
69 Wyatt
42%
100 Devin
41%
210 Devon
41%
469 Franklin
41%
161 Grant
41%
211 Grayson
41%
417 Greyson
41%
297 Jude
41%
133 Nolan
41%
373 Ricky
41%
136 Trevor
41%
439 Bruce
40%
174 Elias
40%
128 Jorge
40%
320 Tony
40%
226 Dominick
39%
337 Ezra
39%
323 Jerry
39%
93 Brady
38%
361 Darren
38%
85 Dominic
38%
171 Edwin
38%
32 Gavin
38%
195 Wesley
38%
368 Weston
38%
428 Damon
37%
153 Maxwell
37%
173 Spencer
37%
289 Trent
37%
333 Brett
36%
111 Bryce
36%
465 Colten
36%
118 Colton
36%
248 Ezekiel
36%
382 Graham
36%
105 Josiah
36%
298 Keith
36%
441 Noe
36%
343 Abel
35%
152 Andres
35%
394 Davis
35%
151 Francisco
35%
162 Garrett
35%
206 Hudson
35%
169 Manuel
35%
180 Mario
35%
304 Mitchell
35%
115 Seth
35%
270 Tyson
35%
163 Javier
34%
131 Omar
34%
285 Trey
34%
231 Troy
34%
232 Zane
34%
288 Axel
33%
379 Felix
33%
327 Jonas
33%
224 Lincoln
33%
404 Morgan
33%
114 Preston
33%
207 Roman
33%
472 Tobias
33%
221 Avery
32%
431 Chad
32%
302 Julius
32%
305 Pablo
32%
146 Ricardo
32%
468 Roger
32%
410 Russell
32%
455 Terry
32%
34 Angel
31%
324 Casey
31%
339 Dallas
31%
239 Drake
31%
272 Dustin
31%
352 Easton
31%
400 Hugo
31%
389 Jameson
31%
374 Quentin
31%
87 Tristan
31%
342 Tristen
31%
437 Zachariah
31%
314 Alberto
30%
247 Clayton
30%
395 Douglas
30%
198 Jace
30%
411 Jayce
30%
94 Miguel
30%
479 Quinton
30%
496 Roy
30%
158 Alexis
29%
386 Ali
29%
422 Beau
29%
371 Bennett
29%
229 Calvin
29%
57 Diego
29%
143 Eduardo
29%
256 Emanuel
29%
275 Emilio
29%
154 Emmanuel
29%
381 Everett
29%
134 Giovanni
29%
409 Marshall
29%
279 Payton
29%
125 Peyton
29%
348 Declan
28%
266 Julio
28%
319 Randy
28%
346 Anderson
27%
259 Angelo
27%
168 Edgar
27%
157 Fernando
27%
365 Rowan
27%
246 Tucker
27%
466 Jasper
26%
179 Bryson
25%
250 Dawson
25%
372 Lance
25%
356 Marvin
25%
322 Maximus
25%
426 Reece
25%
458 Reese
25%
283 Colby
24%
126 Micah
24%
366 Moises
24%
456 Moses
24%
467 Nelson
24%
218 Camden
23%
329 Cash
23%
228 Rafael
23%
450 Reed
23%
424 Reid
23%
150 Tanner
23%
263 Brock
22%
244 Chance
22%
363 Alec
21%
245 Corbin
21%
212 Dalton
21%
354 Esteban
21%
500 Romeo
21%
308 Saul
21%
178 Trenton
21%
460 Walker
21%
234 Zion
21%
349 Alfredo
20%
427 Chandler
20%
335 Curtis
20%
493 Emerson
20%
204 Israel
20%
268 Jalen
20%
193 Jaylen
20%
461 Jaylin
20%
421 Judah
20%
278 Kyler
20%
227 Maddox
20%
419 Phoenix
20%
243 Ruben
20%
344 Silas
20%
197 Donovan
19%
253 Fabian
19%
242 Griffin
19%
183 Hector
19%
222 Keegan
19%
355 Kingston
19%
463 Mohamed
19%
438 Rodney
19%
240 Sawyer
19%
453 Solomon
19%
412 Tate
19%
216 Braxton
18%
202 Dakota
18%
340 Dane
18%
306 Darius
18%
471 Kobe
18%
444 Melvin
18%
328 Arturo
17%
286 Brennan
17%
341 Grady
17%
378 Holden
17%
415 Maurice
17%
257 Rylan
17%
425 Desmond
16%
280 Jaime
16%
295 Lorenzo
16%
477 Skylar
16%
271 Skyler
16%
217 Ryder
15%
196 Sergio
15%
317 Amir
14%
269 Dante
14%
277 Enrique
14%
476 Felipe
14%
155 Malachi
14%
254 Marcos
14%
494 Quincy
14%
276 Armando
13%
403 Ernesto
13%
296 Gael
13%
326 Ismael
13%
255 Raul
13%
447 Rocco
13%
473 Terrance
13%
429 Cruz
12%
490 Dorian
12%
474 Porter
12%
200 Santiago
12%
464 Cyrus
11%
149 Gage
11%
454 Guillermo
11%
290 Joaquin
11%
391 Cohen
10%
336 Emiliano
10%
377 Ramon
10%
167 Cesar
9%
300 Gustavo
9%
478 Jermaine
9%
316 Lane
9%
291 Rodrigo
9%
495 Titus
9%
448 Kelvin
8%
397 Justice
7%
273 Malik
7%
362 Nehemiah
7%
367 Orlando
7%
457 Deandre
6%
498 Johan
6%
483 Leonel
6%
487 Pierce
6%
405 Salvador
6%
430 Aldo
5%
360 Amari
5%
315 Leland
5%
385 Mauricio
5%
399 Uriel
5%
376 Braylon
4%
491 Demetrius
4%
261 Gerardo
4%
434 Davion
3%
433 Nasir
3%
358 Keaton
2%
418 Jamari
1%
451 Jamarion
1%
407 Javon
1%
482 Khalil
1%
449 Mekhi
1%
436 Talon
1%
401 Yahir
1%
485 Osvaldo
0%
No matching quizzes found
Score Distribution
Percent of People with Each Score
Percentile by Number Answered
Your Score History
You have not taken this quiz